000 00258nam a2200133Ia 4500
100 _aMittra/Sid
942 _cBK
366 _f25
654 _ashakti
245 _aAwakening Shakti
260 _bJaico Publishing House
546 _aENGLISH
999 _c20338
_d20338